| 000 | 00000nas 2200000za 4500 |
| 001 | 9.500800 |
| 003 | CaOODSP |
| 005 | 20231114103938 |
| 007 | cr ||||||||||| |
| 008 | 150406d19992001xxc|| p o||||f| |0fre|d |
| 040 | |aCaOODSP|bfre |
| 043 | |an-cn--- |
| 086 | 1 |aC12-23F-PDF |
| 245 | 00|aL'observateur économique régional. |
| 264 | 1|aOttawa, Ontario : |bIndustrie Canada. |
| 310 | |aTrimestriel |
| 362 | 1 |aParaît depuis 1999?; ne paraît plus après 2001. |
| 691 | 07|aConditions économiques|2gcpds |
| 691 | 07|aProvince|2gcpds |
| 710 | 1 |aCanada.|bIndustrie Canada. |bDirection de l'analyse micro-économique, |eorganisme de publication. |
| 775 | 08|tRegional economic observer.|w(CaOODSP)9.504364 |
| 776 | 0#|tL'observateur économique régional |w(CaOODSP)9.512611 |